Xavier Vinader i Sánchez (1947-2015) : in memoriam in memoriam
Descripción Física:
12 pàgines ; 21 cm
Idioma:
Catalán
MARC
| LEADER | 00000nam a22000007a 4500 | ||
|---|---|---|---|
| 001 | 25491 | ||
| 008 | 220513b spa||||| |||| 00| 0 cat d | ||
| 017 | |a DL B 28477-2015 | ||
| 080 | |a FU-69-4 | ||
| 100 | |9 52922 |a Vinader, Xavier, |d 1947-2015 | ||
| 245 | |a Xavier Vinader i Sánchez (1947-2015) : |b in memoriam | ||
| 260 | |a Barcelona : |b Diputació de Barcelona, |c 2015 | ||
| 300 | |a 12 pàgines ; |c 21 cm | ||
| 500 | |a Ponència redactada pel periodista Xavier Vinader com a ponent de la segona jornada del Cicle de jornades de reflexió sobre temes relacionats amb la (in)seguretat, organitzada per la Diputació de Barcelona el 18 de març de 2015 | ||
| 600 | 0 | |9 52922 |a Vinader, Xavier, |d 1947-2015 | |
| 650 | 0 | |9 15723 |a Seguretat ciutadana | |
| 710 | 1 | |a Barcelona (Catalunya : Província). |b Diputació |9 52408 | |
| 942 | |2 udc |c ARXIU |n 1 | ||
| 952 | |0 0 |1 0 |4 0 |6 FU694 |7 1 |9 61674 |a Arxiu |b Arxiu |d 2022-05-13 |l 0 |o FU-69-4 |p 25491 |r 2022-05-13 00:00:00 |w 2022-05-13 |y ARXIU | ||
| 999 | |c 81567 |d 81567 | ||